Logo CIB grande

Q: Skills for Success: Reading And Writing 3 (Registro nro. 238297)

Detalles MARC
000 -LEADER
campo de control de longitud fija 00585nam a2200229 4500
003 - IDENTIFICADOR DE NÚMERO DE CONTROL
campo de control EC-GqESP
005 - FECHA Y HORA DE LA ÚLTIMA TRANSACCIÓN
campo de control 20260331120207.0
008 - DATOS DE LONGITUD FIJA--INFORMACIÓN GENERAL
campo de control de longitud fija 260331b |||||||| |||| 00| 0 eng d
020 ## - NÚMERO INTERNACIONAL ESTÁNDAR DEL LIBRO
Número Internacional Estándar del Libro 976-0-19-475624-2
041 ## - CÓDIGO DE IDIOMA
Código de lengua del texto/banda sonora o título independiente eng.
082 ## - NÚMERO DE LA CLASIFICACIÓN DECIMAL DEWEY
Número de clasificación 428.4
Iniciales del Autor GRA
100 ## - ENTRADA PRINCIPAL--NOMBRE DE PERSONA
Nombre de persona Gramer, margot F.
245 ## - MENCIÓN DEL TÍTULO
Título Q: Skills for Success: Reading And Writing 3
250 ## - MENCION DE EDICION
Mención de edición S/E
260 ## - PUBLICACIÓN, DISTRIBUCIÓN, ETC.
Lugar de publicación, distribución, etc. NEW YORK
Nombre del editor, distribuidor, etc. OXFORD UNIVERSITY PRESS
Fecha de publicación, distribución, etc. 2011
300 ## - DESCRIPCIÓN FÍSICA
Extensión 223 p.
Otras características físicas Imagenes
Dimensiones 26.5x21.5 cm
650 ## - PUNTO DE ACCESO ADICIONAL DE MATERIA--TÉRMINO DE MATERIA
Término de materia o nombre geográfico como elemento de entrada Gramatica
650 ## - PUNTO DE ACCESO ADICIONAL DE MATERIA--TÉRMINO DE MATERIA
Término de materia o nombre geográfico como elemento de entrada Letura
650 ## - PUNTO DE ACCESO ADICIONAL DE MATERIA--TÉRMINO DE MATERIA
Término de materia o nombre geográfico como elemento de entrada Escritura
700 ## - ENTRADA AGREGADA--NOMBRE PERSONAL
Nombre de persona Ward, Colin S.
942 ## - ELEMENTOS DE ENTRADA SECUNDARIOS (KOHA)
Tipo de ítem Koha Libros
Existencias
Estatus retirado Estado de pérdida Fuente de la clasificación o esquema de estantería Estado de daño No para préstamo Biblioteca de origen Biblioteca actual Fecha de adquisición Coste, precio normal de compra Etiqueta RFID Total de préstamos Signatura topográfica completa Código de barras Visto por última vez Copia número Fecha de reemplazo Tipo de ítem Koha Nota pública
    Clasificación Decimal Dewey     CENTRO DE INFORMACIÓN BIBLIOTECARIA CENTRO DE INFORMACIÓN BIBLIOTECARIA 26/03/2026 5.00 0000000000000000038419   428.4 GRA D-202699 31/03/2026 1 31/03/2026 Libros ESPOL. CIB

Copyright 2025 ESPOL. Todos los derechos reservados.